000 01372cam a22003977a 4500
003 CHAP
005 20220329142233.0
008 000315d1995 eu a r 00010 eng d
010 _a80357
011 _a81329
035 _a91798
040 _cCHAP
082 0 4 _a582.15
_bN56
100 0 0 _aNiemiec, Stanley S.
_981244
245 1 0 _aHardwoods of the pacific northwest
_c/by Stanley S. Niemiec, Glenn R. Ahrens, Susan Willits and David E. Hibbs
260 _aCorvallis, Oregon :
_bOregon State University,
_c1995.
300 _a115 p. :
_bilus.
410 _aOregon State University.College of Forestry
490 0 _aResearch contribution
_v; 8
590 _aBATCH-UPD
_b10
_c20130110
_lUCH01
_h0408
590 _aBATCH-UPD
_b10
_c20130110
_lUCH01
_h2336
590 _aBATCH-UPD
_b10
_c20130410
_lUCH01
_h0042
590 _aBATCH-UPD
_b10
_c20130914
_lUCH01
_h1444
590 _aCONVERSION
_b10
_c20130109
_lUCH01
_h1345
650 1 4 _aFrondosas.
_943558
650 1 4 _aPlantas leñosas.
_989018
700 0 _aAhrens, Glenn R.
_93107
700 0 _aHibbis, David E.
_955138
700 0 _aWillits, Susan.
_9122147
810 0 0 _aOregon State University.College of Forestry
_983489
830 0 0 _aResearch contribution
_v; 8
_996065
901 _aBK
905 _aLilia Sánchez G.
942 _cLIBRO
949 _a582.15 N56
_bBC
_cLIBRO
_d33724000766044
_eLIBRO
_h97128
_i91798
_sb
999 _c80357
_d80357